International regulatory co-operation addressing global challenges

Na minha lista:
Detalhes bibliográficos
Formato: Livro
Idioma:inglês
Publicado em: Paris OECD 2013
Assuntos:
Tags: Adicionar Tag
Sem tags, seja o primeiro a adicionar uma tag!

MARC

LEADER 00000nam a2200000 4500
001 0181448
005 20240315120816.5
020 |a 978-92-64-19705-3 
041 0 |a eng 
044 |a FR 
245 1 0 |a International regulatory co-operation  |b addressing global challenges 
264 1 |a Paris  |b OECD  |c 2013 
300 |a 156 s. 
610 2 0 |a spolupráca medzinárodná 
610 2 0 |a regulácia 
610 2 0 |a predpisy 
610 2 0 |a harmonizácia 
610 2 0 |a dohody medzinárodné